000 00525nam a2200193Ia 4500
005 20250326145435.0
008 250326s9999 xx 000 0 und d
037 _aTextbook
040 _aFMSL
_beng
_cFMSL
041 _aeng
_2eng
084 _qFMSL
100 _aMiroshnik V W
_9751160
245 0 _aCorporate culture in multinational companies
_cMiroshnik V W And Others
260 _aNY
_bNY, Palgrave
_c2014
365 _b6419.2700000000004
650 _aManagement
942 _cTB
999 _c1307589
_d1307589